1954 Act renewals : new rules for the recession (Record no. 40957)

MARC details
000 -LEADER
fixed length control field 00751cab a2200241 4500
001 - CONTROL NUMBER
control field ABS48242
008 - FIXED-LENGTH DATA ELEMENTS--GENERAL INFORMATION
fixed length control field 090401t xxu||||| |||| 00| 0 eng d
035 ## - SYSTEM CONTROL NUMBER
System control number (Sirsi) u65647
041 ## - LANGUAGE CODE
Language code of text/sound track or separate title eng
100 ## - MAIN ENTRY--PERSONAL NAME
Personal name Osmond, C.J.J.
245 ## - TITLE STATEMENT
Title 1954 Act renewals : new rules for the recession
260 ## - PUBLICATION, DISTRIBUTION, ETC.
Date of publication, distribution, etc. 13(2) Winter 1992/1993, 95-99(3)
350 ## - PRICE (NR) (BK AM CF MU VM SE) [OBSOLETE]
Price 0
490 ## - SERIES STATEMENT
Series statement Rent Review & Lease Renewal
Volume/sequential designation 13(2) Winter 1992/1993, 95-99(3)
520 ## - SUMMARY, ETC.
Summary, etc. Discusses how the Landlord and Tenant Act 1954 copes with lease renewals in times of recession.
650 ## - SUBJECT ADDED ENTRY--TOPICAL TERM
Topical term or geographic name entry element LANDLORD AND TENANT ACT 1954
650 ## - SUBJECT ADDED ENTRY--TOPICAL TERM
Topical term or geographic name entry element LEASE RENEWALS
650 ## - SUBJECT ADDED ENTRY--TOPICAL TERM
Topical term or geographic name entry element TRIGGER NOTICES
690 ## - LOCAL SUBJECT ADDED ENTRY--TOPICAL TERM (OCLC, RLIN)
Topical term or geographic name as entry element PROPERTY-LANDLORD AND TENANT
700 ## - ADDED ENTRY--PERSONAL NAME
Personal name Peet, C.
942 ## - ADDED ENTRY ELEMENTS (KOHA)
Suppress in OPAC 0
948 ## - LOCAL PROCESSING INFORMATION (OCLC); SERIES PART DESIGNATOR (RLIN)
c (OCLC) 04/03/1997
Holdings
Withdrawn status Lost status Source of classification or shelving scheme Damaged status Not for loan Home library Current library Shelving location Date acquired Total Checkouts Full call number Barcode Date last seen Copy number Price effective from Koha item type
    Dewey Decimal Classification     London London Journal article 14/09/1999   ABS48242 65647-1001 06/08/2019 1 06/08/2019 Journal article